Border security : joint, coordinated actions by State and DHS needed to guide biometric visas and related programs : testimony before the Committee on Government Reform, House of Representatives /

Bibliographic Details
Main Author: Williams-Bridgers, Jacquelyn L., 1956-
Corporate Authors: United States. Department of State, United States. Department of Homeland Security, United States. Congress. House. Committee on Government Reform, United States. Government Accountability Office
Other Authors: Hite, Randolph C.
Format: Government Document eBook
Language:English
Published: [Washington, D.C.] : U.S. Government Accountability Office, [2004]
Series:Testimony ; GAO-04-1080 T.
Subjects:
Online Access:https://purl.fdlp.gov/GPO/LPS53885

MARC

Tag First Indicator Second Indicator Subfields
LEADER 00000cam a2200000Ia 4500
001 in00002003289
005 20211202202545.0
006 m d f
007 cr mn-
008 040923s2004 dcua s f000 0 eng d
035 |a (OCoLC)ocm56565954 
037 |b GAO (202)512-6000 (voice); (202)512-6061 (Fax); (202)512-2537 (TDD)  |f paper copy 
040 |a GPO  |c GPO  |d MvI  |d UtOrBLW 
043 |a n-us--- 
049 |a WWW 
074 |a 0546-D-01 (online) 
086 0 |a GA 1.5/2:GAO-04-1080 T 
100 1 |a Williams-Bridgers, Jacquelyn L.,  |d 1956- 
245 1 0 |a Border security :  |b joint, coordinated actions by State and DHS needed to guide biometric visas and related programs : testimony before the Committee on Government Reform, House of Representatives /  |c joint statement of Jacquelyn L. Williams-Bridgers, and Randolph Hite. 
246 3 |a Border security :  |b joint, coordinated actions by State and Department of Homeland Security needed to guide biometric visas and related programs 
246 3 0 |a Joint, coordinated actions by State and DHS needed to guide biometric visas and related programs 
246 1 7 |a Border security: biometric visas 
264 1 |a [Washington, D.C.] :  |b U.S. Government Accountability Office,  |c [2004] 
336 |a text  |b txt  |2 rdacontent 
337 |a computer  |b c  |2 rdamedia 
338 |a online resource  |b cr  |2 rdacarrier 
490 1 |a Testimony ;  |v GAO-04-1080 T 
538 |a Mode of access: Internet from GPO Access web site. Address as of 9/14/04: http://frwebgate.access.gpo.gov/cgi-bin/getdoc.cgi?dbname=gao&docid=d041080t.pdf; current access available via PURL. 
500 |a Title from title screen (viewed on Sept. 14, 2004). 
500 |a "For release ... September 9, 2004." 
500 |a Paper version available from: U.S. Government Accountability Office, 441 G St., NW, Rm. LM, Washington, D.C. 20548. 
504 |a Includes bibliographical references. 
500 |a Electronic resource. 
610 1 0 |a United States.  |b Department of State  |v Rules and practice  |x Evaluation. 
610 1 0 |a United States.  |b Department of Homeland Security  |v Rules and practice  |x Evaluation. 
650 0 |a Biometric identification. 
650 0 |a National security  |z United States. 
700 1 |a Hite, Randolph C. 
710 1 |a United States.  |b Department of State. 
710 1 |a United States.  |b Department of Homeland Security. 
710 1 |a United States.  |b Congress.  |b House.  |b Committee on Government Reform. 
710 1 |a United States.  |b Government Accountability Office. 
830 0 |a Testimony ;  |v GAO-04-1080 T. 
856 4 0 |u https://purl.fdlp.gov/GPO/LPS53885  |t 0 
999 |a MARS 
999 f f |s 22340ab5-b928-3e78-a690-c641e57ba4b0  |i 1e9965b0-5f8a-3cd2-b950-26bf7ca05165  |t 0 
952 f f |a Texas A&M University  |b College Station  |c Electronic Resources  |d Available Online  |t 0  |e GA 1.5/2:GAO-04-1080 T  |h Superintendent of Documents classification 
998 f f |a GA 1.5/2:GAO-04-1080 T  |t 0  |l Available Online